00403 a2200157 450000500170000002000180001708200120003510000230004724500300007025000160010026000480011630000300016470000230019494200130021799900150023020250610092952.0 a0-13-223353-3 a657 ANT aANTHONY, N. Robert aEssentials of Accounting  a9th Edition aNew JerseybPearson Education International av;120p.bGlossary c27 cm aLeslie K. Breitner 2ddccBKS c3585d3585